000 00326nam a22001337a 4500
008 230619b xxu||||| |||| 00| 0 eng d
020 _a0333307143
082 _a305.42
_bRAN
100 _cVicky Randall
245 _aWomen and politics
260 _aLondon
_bThe macmillan press ltd
_c1982
300 _a227p
942 _2ddc
_cBK
999 _c1398
_d1398